000
00270nam a2200109Ia 4500
008
200302s9999 xx 000 0 und d
100
_a
Pyo mi Young
245
_a
New Panel Layout for Competition 3
260
_b
Damidi Publishing Co.,
260
_c
2012
300
_a
337 P.,
999
_c
3145
_d
3145